000 01489nam0a2200421 4500
001 RU\NLR\bibl\1708799
005 20250616064123.0
010 _a978-5-85824-200-0
_91000
021 _aRU
_b2010-86148
_95761
035 _a(nilc)RSL-KNO-004824165
035 _a(NLR Aleph) 001699839
090 _a1213345
_c1213345
100 _a20101108d2011 |||y0rusy50 ca
101 0 _arus
102 _aRU
105 _ay |||||||||
200 1 _aВласть и святость в Древней Руси
_fЕ. А. Князев
210 _aМосква
_cПосев
_d2011 [т.е. 2010]
215 _a428, [3] с.
_d22
300 _aВ аннот. авт.: Князев Е.А., д.п.н., проф.
300 _aКн. фактически издана в 2010 г.
320 _aБиблиогр. в конце разделов
606 1 _aЦерковь и государство
_yДревняя Русь
_92618421
_3RU\NLR\auth\661554981
607 _aДревняя Русь
_xИстория
_92097167
_3RU\NLR\auth\661268773
686 _aТ3(2)414,02
_2rubbk
686 _aТ3(2)42,02
_2rubbk
686 _aЭ372.24-34-021.5
686 _aТ3(2)4,02
700 1 _aКнязев
_bЕ. А.
_gЕвгений Акимович
_4070
801 0 _aRU
_bRuMoRKP
_c20101108
_grcr
801 1 _aRU
_bRuMoRGB
_c20101108
801 2 _aRU
_bNLR
_c20101203
_grcr
830 _aпо кн
942 _cBOOK
980 _aNB
980 _aNBR